00597nam a22001817a 45000050016000000100015000160200023000310350013000540370013000670820010000801000018000902450114001082600034002222700078002563000023003345000040003577000018003972010081403013.0 aENG-100560 a8184120366c165.00 aEN-84093 bDBAD/PUB a512.5 aAdhikari,M R  aIntroduction to linear algebra with application to basic cryptographycby M R Adhikari [and] Avishek Adhikari aNew DelhibAsian Books c2007 a7/28 Mahavir lane Vardan House Ansari Road Darya Ganjb New Delhie110002 axi,184pc25cm(pbk) aincludes bibliographical references aAdhikari,M R